[Event "Kimry-ch"]
[Site "Kimry"]
[Date "2016.01.07"]
[Round "9"]
[White "Zavyalov, Nikita"]
[Black "Anisimov, Dmitry V"]
[Result "0-1"]
[WhiteElo "1417"]
[BlackElo "1919"]
[PlyCount "136"]
[EventDate "2016.01.02"]
[EventType "swiss"]
[EventRounds "9"]
[EventCountry "RUS"]
[SourceTitle "CBM 170 Extra"]
[Source "ChessBase"]
[SourceDate "2016.02.25"]
[SourceVersion "1"]
[SourceVersionDate "2016.02.25"]
[SourceQuality "1"]

1. e4 e6 2. d4 d5 3. e5 c5 4. c3 Qb6 5. Bd3 Bd7 6. Nf3 Nc6 7. Bc2 cxd4 8. cxd4 Nb4 9. Nc3 Nxc2+ 10. Qxc2 Ne7 11. 0-0 Nf5 12. Rd1 h5 13. Bg5 Rc8 14. h4 Rc4 15. Qd2 Be7 16. Bxe7 Nxe7 17. Rac1 Qa5 18. b3 Rc6 19. Ne2 Qxd2 20. Nxd2 Nf5 21. Nf3 Ke7 22. Rxc6 Bxc6 23. Nc3 f6 24. a4 Rc8 25. Kf1 fxe5 26. dxe5 d4 27. Nxd4 Nxd4 28. Rxd4 Bxg2+ 29. Kxg2 Rxc3 30. b4 b6 31. f3 Re3 32. f4 Re2+ 33. Kg3 Rc2 34. b5 Rc3+ 35. Kg2 Rc7 36. Kf3 Kf7 37. Kg3 Kg6 38. Kf3 Kf5 39. Kg3 Rc3+ 40. Kg2 Ra3 41. Rb4 Kg4 42. Rd4 Ra2+ 43. Kg1 Kg3 44. Kf1 Rf2+ 45. Kg1 Rxf4 46. Rxf4 Kxf4 47. Kf2 Kg4 48. Kg2 Kxh4 49. Kh2 Kg4 50. Kg2 g5 51. Kh2 Kf4 52. Kg2 Kxe5 53. Kf2 Kf4 54. Kg2 e5 55. Kf2 e4 56. Ke2 h4 57. Kf2 e3+ 58. Ke2 h3 59. Kf1 Kf3 60. Ke1 h2 61. Kd1 h1Q+ 62. Kc2 Qa1 63. Kd3 Qd1+ 64. Kc3 e2 65. a5 e1Q+ 66. Kb2 Qdd2+ 67. Kb3 Qee3+ 68. Kc4 Qdd4# 0-1

[Event "Kimry-ch"]
[Site "Kimry"]
[Date "2016.01.05"]
[Round "7"]
[White "Pochtarenko, Dmitrii"]
[Black "Anisimov, Dmitry V"]
[Result "0-1"]
[WhiteElo "1527"]
[BlackElo "1919"]
[PlyCount "156"]
[EventDate "2016.01.02"]
[EventType "swiss"]
[EventRounds "9"]
[EventCountry "RUS"]
[SourceTitle "CBM 170 Extra"]
[Source "ChessBase"]
[SourceDate "2016.02.25"]
[SourceVersion "1"]
[SourceVersionDate "2016.02.25"]
[SourceQuality "1"]

1. e4 e6 2. d4 d5 3. Nd2 c5 4. c3 cxd4 5. cxd4 dxe4 6. Nxe4 Nc6 7. Nf3 Nf6 8. Bg5 Bb4+ 9. Nc3 Qa5 10. Bd2 Nd5 11. Nxd5 Bxd2+ 12. Qxd2 Qxd5 13. Be2 0-0 14. 0-0 Rd8 15. Rfd1 b6 16. b3 Bb7 17. Bc4 Qh5 18. Qf4 Ne7 19. Rac1 Rac8 20. Qg3 Nf5 21. Qf4 Bxf3 22. Qxf3 Qxf3 23. gxf3 Nxd4 24. Kg2 g6 25. Ba6 Rxc1 26. Rxc1 Rd7 27. Bc8 Re7 28. Rc4 Nf5 29. a4 Kg7 30. b4 h5 31. a5 bxa5 32. bxa5 Kf6 33. a6 Ke5 34. Re4+ Kd6 35. Bb7 Rc7 36. Re2 Nd4 37. Rd2 Kc5 38. Rd3 Kc4 39. Rd1 Nb3 40. Rb1 Nc5 41. Rc1+ Kd4 42. Kf1 Re7 43. Rb1 Rc7 44. Ke2 Kc3 45. Rb5 Kc4 46. Rb1 Nb3 47. Rd1 Nc5 48. Rb1 Kd4 49. Rb4+ Ke5 50. Ke3 Rd7 51. Rb5 Rd3+ 52. Ke2 Rc3 53. Kd2 Rc4 54. Ke3 Kd6 55. Rb1 Rc3+ 56. Kd4 Rb3 57. Rxb3 Nxb3+ 58. Kc4 Nc5 59. Kb5 Nd3 60. Bc6 Ne5 61. Ba8 g5 62. f4 gxf4 63. f3 f5 64. Bb7 h4 65. Kb4 Nd3+ 66. Kc4 Nc5 67. Kb5 e5 68. Bc8 Nd7 69. Bb7 Nb6 70. Kb4 Nd5+ 71. Kc4 Ne3+ 72. Kd3 Nf1 73. h3 Ng3 74. Ba8 Kc5 75. Bb7 Kb6 76. Bc8 e4+ 77. fxe4 fxe4+ 78. Kd2 Kc5 0-1

[Event "Kimry Summer op"]
[Site "Kimry"]
[Date "2015.06.11"]
[Round "7"]
[White "Anisimov, Dmitry V"]
[Black "Makhnev, Vladimir"]
[Result "1-0"]
[WhiteElo "1918"]
[BlackElo "2196"]
[PlyCount "75"]
[EventDate "2015.06.08"]
[EventType "swiss"]
[EventRounds "7"]
[EventCountry "RUS"]
[SourceTitle "CBM 167 Extra"]
[Source "ChessBase"]
[SourceDate "2015.09.14"]
[SourceVersion "1"]
[SourceVersionDate "2015.09.14"]
[SourceQuality "1"]

1. d4 e6 2. Nf3 c5 3. e4 cxd4 4. c3 dxc3 5. Nxc3 Nc6 6. Bc4 a6 7. Qe2 Qc7 8. 0-0 Bd6 9. Rd1 Ne5 10. Nxe5 Bxe5 11. h3 b5 12. Bb3 Bb7 13. Bd2 Ne7 14. Rac1 Bc6 15. Nd5 exd5 16. exd5 0-0 17. dxc6 Nxc6 18. Bb4 Rfc8 19. Qg4 Ra7 20. Qf5 Bf6 21. Bc5 Rb7 22. Bc2 g6 23. Qxf6 Qd8 24. Qxd8+ Nxd8 25. Be3 Nc6 26. Be4 Rbc7 27. Bf4 Ra7 28. Bxc6 dxc6 29. Be5 Re7 30. Rxc6 Ra8 31. Rxa6 Rc8 32. Bf6 Re2 33. Rad6 Ree8 34. Rd8 h6 35. Rxc8 Rxc8 36. Rd8+ Kh7 37. Rxc8 b4 38. Rh8# 1-0

[Event "Kimry Summer op"]
[Site "Kimry"]
[Date "2015.06.09"]
[Round "4"]
[White "Anisimov, Dmitry V"]
[Black "Protasov, Sergey"]
[Result "1/2-1/2"]
[WhiteElo "1918"]
[BlackElo "1644"]
[PlyCount "92"]
[EventDate "2015.06.08"]
[EventType "swiss"]
[EventRounds "7"]
[EventCountry "RUS"]
[SourceTitle "CBM 167 Extra"]
[Source "ChessBase"]
[SourceDate "2015.09.14"]
[SourceVersion "1"]
[SourceVersionDate "2015.09.14"]
[SourceQuality "1"]

1. d4 d5 2. Nf3 Nf6 3. c4 e6 4. cxd5 exd5 5. Nc3 c6 6. Bg5 Be7 7. Qc2 h6 8. Bh4 Bg4 9. Ne5 Bh5 10. e3 Nbd7 11. Nxd7 Qxd7 12. Bd3 0-0 13. Bf5 Qd8 14. h3 Qe8 15. Bg3 Bg6 16. Bxg6 fxg6 17. 0-0 Kh7 18. Rab1 Nh5 19. Be5 Qd7 20. b4 b5 21. a4 a6 22. Ne2 Bd6 23. f4 Nf6 24. Ng3 Ng8 25. a5 Ne7 26. Rfc1 Rac8 27. Qd3 Nf5 28. Ne2 Qe7 29. Qd2 Qd7 30. Rc2 Rc7 31. Kh2 Nh4 32. Qe1 Nf5 33. Nc1 Rfc8 34. Nd3 Qe7 35. Bxd6 Nxd6 36. Ne5 Nc4 37. Qc3 Qe6 38. Re2 Re7 39. Rbe1 Qf6 40. Nd3 Nd6 41. Nc5 Ra8 42. Rf1 Rc7 43. Nd3 Nc4 44. Ne5 Rd8 45. Ree1 Re7 46. Qd3 Nd6 1/2-1/2